000
00320pab a2200121 454500
008
180718b xxu||||| |||| 00| 0 eng d
100
_a
Deshmukh, B.G
245
_a
Role of cabinet secretary: post must not be politicised
650
_a
Civil Service
650
_a
Cabinet Secretary
773
_a
Times of India
909
_a
2402
999
_c
2402
_d
2402